Central Library OPAC University of Rajshahi

The first republic in America : (Record no. 28001)

MARC details
000 -LEADER
fixed length control field 00967nam a22002651 4500
001 - CONTROL NUMBER
control field 28001
003 - CONTROL NUMBER IDENTIFIER
rucl marc code BD-RjUL
005 - DATE AND TIME OF LATEST TRANSACTION
control field 20211209051227.0
008 - FIXED-LENGTH DATA ELEMENTS--GENERAL INFORMATION
fixed length control field 140329r19691898nyuc 001 0 eng
035 ## - SYSTEM CONTROL NUMBER
System control number (BD-RjUL)28082
040 ## - CATALOGING SOURCE
Original cataloging agency DLC
Transcribing agency DLC
Modifying agency DLC
-- BD-RjUL
Language of cataloging eng
041 ## - LANGUAGE CODE
Language code of text/sound track or separate title eng
082 00 - DEWEY DECIMAL CLASSIFICATION NUMBER
Classification number 975.502
Author mark and year BRF 1969
100 1# - MAIN ENTRY--PERSONAL NAME
Personal name Brown, Alexander,
Dates associated with a name 1843-1906.
9 (RLIN) 85883
245 14 - TITLE STATEMENT
Title The first republic in America :
Remainder of title an account of the origin of this Nation, written from the records then (1624) concealed by the Council, rather than from the histories then licensed by the Crown /
Statement of responsibility, etc. Alexander Brown.
260 ## - PUBLICATION, DISTRIBUTION, ETC. (IMPRINT)
Place of publication, distribution, etc. New York :
Name of publisher, distributor, etc. Russell & Russell,
Date of publication, distribution, etc. 1969.
300 ## - PHYSICAL DESCRIPTION
Pagination xxiv, 688 p. :
Illustrations port.
Size 22 cm.
500 ## - GENERAL NOTE
General note Reprint of the 1898 ed.
504 ## - BIBLIOGRAPHY, ETC. NOTE
Bibliography, etc Includes index.
610 20 - SUBJECT ADDED ENTRY--CORPORATE NAME
Corporate name or jurisdiction name as entry element Virginia Company of London.
651 #0 - SUBJECT ADDED ENTRY--GEOGRAPHIC NAME
Geographic name Virginia
General subdivision History
Chronological subdivision Colonial period, ca. 1600-1775.
9 (RLIN) 85885
942 ## - ADDED ENTRY ELEMENTS (KOHA)
Source of classification or shelving scheme Dewey Decimal Classification
Koha item type Books
Holdings
Lost status Source of classification or shelving scheme Damaged status Not for loan Collection code Permanent Location Current Location Shelving location Date acquired Source of acquisition Total Checkouts Full call number Date last seen Copy number Koha item type
  Dewey Decimal Classification   Added to bundle Non-fiction Central Library, University of Rajshahi Central Library, University of Rajshahi Reading Room 28/09/1985 Asia Foundation, Gift.   975.502 BRF 1969 29/03/2014 C-1 Books